10 numere aleatorii (1–100) – clasament în orb - Statistics

General Stats
  • This quiz has been taken 249 times
  • The average score is 5 of 10
Answers on the Map
Answers color-coded by a green-red scale on the quiz's map according to % correct below.
 
Answer Stats
Numere % Correct
42
100%
62
100%
33
88%
21
86%
90
86%
20
80%
32
80%
37
80%
49
80%
61
80%
72
80%
91
80%
10
75%
43
75%
47
75%
64
75%
71
75%
99
75%
54
71%
79
69%
18
67%
2
67%
26
67%
38
67%
40
67%
57
67%
69
67%
82
67%
85
67%
86
67%
9
67%
28
64%
73
64%
3
63%
34
63%
51
63%
66
63%
12
60%
16
60%
23
60%
31
60%
44
60%
59
60%
68
60%
78
60%
8
60%
97
60%
77
57%
24
56%
29
56%
75
56%
95
56%
48
55%
96
55%
11
50%
14
50%
17
50%
22
50%
6
50%
84
50%
92
50%
98
50%
50
47%
25
44%
41
44%
5
44%
87
44%
89
44%
13
43%
19
43%
45
43%
55
43%
70
43%
76
43%
80
43%
81
43%
94
43%
27
40%
74
40%
83
40%
39
38%
4
33%
46
33%
53
33%
67
33%
15
30%
52
30%
30
29%
36
29%
88
29%
56
27%
100
25%
93
25%
65
22%
58
17%
35
14%
1
13%
60
13%
7
10%
63
0%
No matching quizzes found
Score Distribution
Percent of People with Each Score
Percentile by Number Answered
Your Score History
You have not taken this quiz